[Event "IRT "A" - Torre Blanca (Buenos Aires)"]
[Site "Club Torre Blanca (Bs. As.)"]
[Date "2006.04.27"]
[Round "7"]
[White "Koch, Juan Enrique"]
[Black "Recoulat, Eduardo Juan"]
[Result "0-1"]
[WhiteElo "2092"]
[BlackElo "2215"]
[PlyCount "100"]
[EventDate "2006.04.06"]

1. e4 c6 2. d4 d5 3. f3 dxe4 4. fxe4 e5 5. Nf3 Be6 6. c3 Nf6 7. Nxe5 Nxe4 8.
Nf3 h6 9. Bd3 Nf6 10. O-O Nbd7 11. Qe2 Bd6 12. Nbd2 Qc7 13. c4 O-O-O 14. c5 Be7
15. Nc4 Rhe8 16. Qc2 Nd5 17. Bd2 Kb8 18. a4 Nf4 19. Bf5 Bxc4 20. Qxc4 Nd5 21.
Bxd7 Qxd7 22. Ne5 Qc8 23. Nxf7 Rd7 24. Ne5 Rdd8 25. Rae1 Rf8 26. Rxf8 Bxf8 27.
Qe2 Be7 28. Nf7 Rf8 29. Qe5+ Ka8 30. Nd6 Qg4 31. Nb5 Bf6 32. Qe8+ Qc8 33. Qe4
cxb5 34. Qxd5 Rd8 35. Qe4 Bxd4+ 36. Be3 Bxe3+ 37. Qxe3 bxa4 38. Qe7 a6 39. h3
Rd7 40. Qe3 Rd5 41. Rc1 Qd7 42. c6 Rd1+ 43. Kf2 Qf7+ 44. Kg3 Qc7+ 45. Kf3 Rxc1
46. Qxc1 Qxc6+ 47. Qxc6 bxc6 48. Ke4 Kb7 49. Ke5 Kb6 50. Kd6 Kb5 0-1

[Event "IRT "A" - Torre Blanca (Buenos Aires)"]
[Site "Club Torre Blanca (Bs. As.)"]
[Date "2006.05.02"]
[Round "8"]
[White "Aguila, Gustavo"]
[Black "Koch, Juan Enrique"]
[Result "1-0"]
[WhiteElo "2243"]
[BlackElo "2092"]
[PlyCount "73"]
[EventDate "2006.04.06"]

1. Nf3 d5 2. c4 c6 3. e3 Nf6 4. d4 e6 5. Nbd2 Nbd7 6. Bd3 Bd6 7. O-O O-O 8. e4
dxe4 9. Nxe4 Nxe4 10. Bxe4 Nf6 11. Bc2 b6 12. Bg5 Be7 13. Qd3 g6 14. Rfe1 Bb7
15. Qc3 a5 16. a3 b5 17. Ne5 b4 18. Qf3 Nd7 19. Bxe7 Qxe7 20. Nxd7 Qxd7 21. Qf6
Qd8 22. Qe5 Re8 23. Be4 Qe7 24. Bf3 f6 25. Qe3 Rad8 26. c5 Qd7 27. axb4 axb4
28. Qb3 Ba8 29. h4 Rb8 30. h5 Kg7 31. Rad1 Qf7 32. Qe3 g5 33. Bg4 e5 34. h6+
Kf8 35. Qg3 exd4 36. Qd6+ Kg8 37. Be6 1-0

[Event "IRT "A" - Torre Blanca (Buenos Aires)"]
[Site "Club Torre Blanca (Bs. As.)"]
[Date "2006.05.02"]
[Round "8"]
[White "Galindo, Ricardo"]
[Black "Miserendino, Alfredo"]
[Result "1-0"]
[WhiteElo "2244"]
[BlackElo "2194"]
[PlyCount "105"]
[EventDate "2006.04.06"]

1. Nf3 d5 2. b3 Bg4 3. e3 Nd7 4. Bb2 Ngf6 5. Be2 e6 6. O-O Bd6 7. c4 c6 8. d3
e5 9. cxd5 cxd5 10. Nc3 O-O 11. Nb5 Qb6 12. Nxd6 Qxd6 13. Rc1 Rac8 14. Rc2 Rc6
15. Rxc6 bxc6 16. Qa1 Re8 17. h3 Bh5 18. Rc1 h6 19. Rc2 c5 20. Qc1 d4 21. e4
Bxf3 22. Bxf3 Qa6 23. Be2 Qxa2 24. Bxd4 Qxb3 25. Bxc5 Nxc5 26. Rxc5 Qb6 27. Qc3
Qb8 28. Rc7 Qb1+ 29. Kh2 Qa2 30. Bf3 Qxf2 31. Qc4 Rf8 32. Qa6 Qb6 33. Qxa7 Qxa7
34. Rxa7 Rd8 35. Ra5 Re8 36. Bd1 Re7 37. Kg3 g5 38. Kf2 Ne8 39. Ke3 Nc7 40. Bb3
Kg7 41. Bc4 h5 42. d4 exd4+ 43. Kxd4 f6 44. h4 Kg6 45. hxg5 fxg5 46. Re5 Rxe5
47. Kxe5 h4 48. Kd6 Ne8+ 49. Ke7 g4 50. Kxe8 Kf6 51. Be2 g3 52. Bg4 Ke5 53. Kf7
1-0

[Event "IRT "A" - Torre Blanca (Buenos Aires)"]
[Site "Club Torre Blanca (Bs. As.)"]
[Date "2006.05.02"]
[Round "8"]
[White "Olivera, Horacio Ruben"]
[Black "Guerrero, Alvaro"]
[Result "1-0"]
[WhiteElo "2244"]
[BlackElo "2181"]
[PlyCount "69"]
[EventDate "2006.04.06"]

1. d4 d6 2. c4 g6 3. e4 Bg7 4. Nc3 e5 5. Nge2 Nc6 6. d5 Nce7 7. Be3 f5 8. f3
Nf6 9. h3 Neg8 10. g4 Nd7 11. Qd2 Qh4+ 12. Bf2 Qf6 13. g5 Qd8 14. exf5 gxf5 15.
Ng3 Nf8 16. Bd3 f4 17. Nge4 Ne7 18. c5 a6 19. O-O-O Bf5 20. Nf6+ Kf7 21. Bxf5
Nxf5 22. Qd3 Ne7 23. Nce4 Nfg6 24. Kb1 Ng8 25. Nxg8 Rxg8 26. cxd6 cxd6 27. Qb3
b5 28. Rc1 Qe7 29. Rc6 Rgd8 30. Rhc1 Bf8 31. Bb6 Rd7 32. Bc7 Ra7 33. Bxd6 Qd8
34. Bxf8 Qxf8 35. Rc8 1-0

[Event "IRT "A" - Torre Blanca (Buenos Aires)"]
[Site "Club Torre Blanca (Bs. As.)"]
[Date "2006.05.02"]
[Round "8"]
[White "Recoulat, Eduardo Juan"]
[Black "Ferraro, Carlos Alberto"]
[Result "1-0"]
[WhiteElo "2215"]
[BlackElo "2149"]
[PlyCount "87"]
[EventDate "2006.04.06"]

1. d4 Nf6 2. c4 g6 3. Nc3 d5 4. Nf3 Bg7 5. Bg5 Ne4 6. cxd5 Nxg5 7. Nxg5 e6 8.
Nf3 exd5 9. b4 O-O 10. e3 c6 11. Bd3 Bg4 12. O-O Qf6 13. Rc1 Nd7 14. b5 Nb6 15.
bxc6 bxc6 16. h3 Bxf3 17. Qxf3 Qxf3 18. gxf3 Rac8 19. Ba6 Rc7 20. Nb5 Re7 21.
Rxc6 Nc4 22. Rc1 Bh6 23. f4 Rb8 24. Nc3 Nxe3 25. fxe3 Rxe3 26. Nxd5 Rxh3 27.
Rc8+ Rxc8 28. Rxc8+ Kg7 29. Kg2 Rh4 30. Kg3 Rh1 31. Ne3 Re1 32. Re8 Rg1+ 33.
Kf3 Rb1 34. d5 Rb4 35. Re4 Rb6 36. Bc4 Kf8 37. Bb3 f5 38. Ra4 Rb7 39. Nc4 g5
40. fxg5 Bxg5 41. Nd6 Rd7 42. Nxf5 Bd8 43. d6 Bb6 44. Rg4 1-0

[Event "IRT "A" - Torre Blanca (Buenos Aires)"]
[Site "Club Torre Blanca (Bs. As.)"]
[Date "2006.05.04"]
[Round "9"]
[White "Albarran, Gustavo Eduardo"]
[Black "Galindo, Ricardo"]
[Result "0-1"]
[WhiteElo "2228"]
[BlackElo "2244"]
[PlyCount "98"]
[EventDate "2006.04.06"]

1. c4 e5 2. Nc3 Nf6 3. g3 Bb4 4. Bg2 O-O 5. e4 Nc6 6. Nge2 Re8 7. O-O d6 8. Nd5
Bc5 9. h3 Nxd5 10. cxd5 Nd4 11. d3 c6 12. Nxd4 Bxd4 13. dxc6 bxc6 14. Qe2 Rb8
15. Rb1 Be6 16. b3 Re7 17. Be3 Qb6 18. Rfc1 Rc7 19. Kh2 a5 20. h4 f6 21. Bh3
Bf7 22. Rc2 a4 23. Bxd4 Qxd4 24. b4 a3 25. Qe3 c5 26. b5 Rcb7 27. Qxd4 exd4 28.
Rc4 Bxc4 29. dxc4 Kf7 30. Rb3 Ra7 31. Kg2 Ra4 32. Bd7 Ke7 33. Bc6 Kd8 34. Bd5
Kc7 35. Kf3 Kb6 36. Kf4 Re8 37. g4 Re7 38. h5 Rea7 39. h6 g6 40. g5 fxg5+ 41.
Kxg5 Rb4 42. Rf3 Rb2 43. Rf6 Rxa2 44. Rxd6+ Ka5 45. b6 Ra6 46. b7 Rb2 47. Rd8
a2 48. b8=Q Rxb8 49. Rxb8 a1=Q 0-1

[Event "IRT "A" - Torre Blanca (Buenos Aires)"]
[Site "Club Torre Blanca (Bs. As.)"]
[Date "2006.05.04"]
[Round "9"]
[White "Ferraro, Carlos Alberto"]
[Black "Aguila, Gustavo"]
[Result "1/2-1/2"]
[WhiteElo "2149"]
[BlackElo "2243"]
[PlyCount "23"]
[EventDate "2006.04.06"]

1. Nf3 Nf6 2. g3 d5 3. Bg2 c6 4. d3 Bf5 5. O-O h6 6. Nbd2 e6 7. c4 Bh7 8. b3
Bd6 9. Bb2 O-O 10. Rc1 Nbd7 11. e4 dxe4 12. dxe4 1/2-1/2

[Event "IRT "A" - Torre Blanca (Buenos Aires)"]
[Site "Club Torre Blanca (Bs. As.)"]
[Date "2006.05.04"]
[Round "9"]
[White "Guerrero, Alvaro"]
[Black "Recoulat, Eduardo Juan"]
[Result "0-1"]
[WhiteElo "2181"]
[BlackElo "2215"]
[PlyCount "88"]
[EventDate "2006.04.06"]

1. d4 d5 2. c4 c6 3. Nf3 Nf6 4. Bg5 dxc4 5. Bxf6 exf6 6. e3 b5 7. Be2 Bb4+ 8.
Kf1 O-O 9. h4 Be6 10. a3 Ba5 11. a4 a6 12. h5 Ra7 13. Nh4 Rd7 14. Qc2 Bb4 15.
f4 Re7 16. h6 g6 17. Nc3 Bxc3 18. Qxc3 Bd5 19. Rh3 Rfe8 20. Nf5 gxf5 21. e4 Kh8
22. exd5 Rxe2 23. Qg3 Rg8 24. Kxe2 Rxg3 25. Rxg3 Qxd5 26. Re1 Qd8 27. Kf1 Qf8
28. a5 Nd7 29. Rh3 Qd8 30. Rg3 Nf8 31. Rg7 Qd7 32. Rg3 Ne6 33. Rge3 Qd6 34. g3
Qf8 35. Kg2 Qxh6 36. Rxe6 fxe6 37. Rxe6 Qh5 38. Rxc6 Qe2+ 39. Kh3 Qf1+ 40. Kh2
Qf2+ 41. Kh3 Qg1 42. Rc8+ Kg7 43. g4 fxg4+ 44. Kh4 Qg2 0-1

[Event "IRT "A" - Torre Blanca (Buenos Aires)"]
[Site "Club Torre Blanca (Bs. As.)"]
[Date "2006.05.04"]
[Round "9"]
[White "Miserendino, Alfredo"]
[Black "Olivera, Horacio Ruben"]
[Result "1-0"]
[WhiteElo "2194"]
[BlackElo "2244"]
[PlyCount "47"]
[EventDate "2006.04.06"]

1. e4 e5 2. Nf3 Nc6 3. Bc4 Nf6 4. Ng5 d5 5. exd5 Na5 6. Bb5+ c6 7. dxc6 bxc6 8.
Qf3 Bb7 9. Ba4 Qd4 10. b4 h6 11. c3 Qd7 12. bxa5 hxg5 13. a6 e4 14. axb7 Qxb7
15. Qe2 Bd6 16. Na3 Kf8 17. Rb1 Qd7 18. Nc4 Bc7 19. Ne3 Nh5 20. g3 Nf4 21. gxf4
gxf4 22. Qg4 Qd6 23. Nf5 Qe5 24. Ba3+ 1-0